Európska akciová spoločnosť /osobitosti účtovania, aplikácia na konkrétnej spoločnosti/ diplomová práca

Uložené v:
Podrobná bibliografia
Hlavný autor: Jamrišková, Jana
Korporativný autor: Fakulta hospodárskej informatiky EU. Katedra účtovníctva a audítorstva
Ďalší autori: Máziková, Katarína
Médium: Kniha
Jazyk:Slovak
Vydavateľské údaje: Bratislava 2013
Tagy: Pridať tag
Žiadne tagy, Buďte prvý, kto otaguje tento záznam!

MARC

LEADER 00000nbm a2200000 4500
001 0182513
005 20170201102757.1
041 0 |a slo 
044 |a SK 
245 1 0 |a Európska akciová spoločnosť /osobitosti účtovania, aplikácia na konkrétnej spoločnosti/  |b diplomová práca  |c Jana Jamrišková ; školiteľ: Katarína Máziková 
264 1 |a Bratislava  |c 2013 
300 |a 61 s. 
100 1 |a Jamrišková, Jana 
700 1 |a Máziková, Katarína 
710 2 |a Fakulta hospodárskej informatiky EU. Katedra účtovníctva a audítorstva